[Event "Portoroz op 11th"]
[Site "Portoroz"]
[Date "2017.07.25"]
[Round "5"]
[White "Gombocz, Ferenc Jr"]
[Black "Gronsfeld, Stefan"]
[Result "1-0"]
[WhiteElo "2039"]
[BlackElo "1808"]
[PlyCount "73"]
[EventDate "2017.07.22"]
[EventType "swiss"]
[EventRounds "9"]
[EventCountry "SLO"]
[SourceTitle "EXT 2018"]
[Source "ChessBase"]
[SourceDate "2017.10.13"]
[SourceVersion "1"]
[SourceVersionDate "2017.10.13"]
[SourceQuality "1"]

1. c4 Nf6 2. g3 g6 3. Bg2 Bg7 4. Nc3 0-0 5. e4 d6 6. Nge2 c5 7. 0-0 Nc6 8. d3 Bd7 9. h3 a6 10. Be3 Rb8 11. a4 Qc8 12. Kh2 Ne8 13. Qd2 Nc7 14. Nd5 Nxd5 15. cxd5 Nb4 16. d4 b6 17. Rac1 Qb7 18. e5 h5 19. exd6 exd6 20. Bf4 Rbc8 21. Bxd6 Rfd8 22. dxc5 bxc5 23. Bxc5 a5 24. Bxb4 axb4 25. a5 Qa7 26. Rxc8 Rxc8 27. Kg1 b3 28. Nc3 Rc5 29. a6 Bc8 30. d6 Be5 31. Bb7 Bd7 32. Qe3 f5 33. Qg5 Be8 34. Qe7 Bxd6 35. Qxe8+ Bf8 36. Qxg6+ Bg7 37. Bd5+ 1-0

[Event "BEL-ch U14"]
[Site "Blankenberge"]
[Date "2015.04.15"]
[Round "5"]
[White "Gronsfeld, Stefan"]
[Black "De Waele, Warre"]
[Result "1/2-1/2"]
[WhiteElo "1518"]
[BlackElo "1603"]
[PlyCount "86"]
[EventDate "2015.04.12"]
[EventType "swiss"]
[EventRounds "9"]
[EventCountry "BEL"]
[SourceTitle "CBM 166 Extra"]
[Source "ChessBase"]
[SourceDate "2015.06.18"]
[SourceVersion "1"]
[SourceVersionDate "2015.06.18"]
[SourceQuality "1"]

1. e4 c5 2. Nf3 d6 3. d4 cxd4 4. Nxd4 Nf6 5. f3 g6 6. c4 Bg7 7. Be3 0-0 8. Qd2 Nc6 9. Nc3 Bd7 10. Be2 Rc8 11. 0-0 a6 12. Rac1 Ne5 13. Nd5 Bc6 14. Bh6 Bxd5 15. cxd5 Qb6 16. Bxg7 Kxg7 17. Kh1 Ned7 18. b3 Nc5 19. Rfd1 a5 20. Qe3 Nfd7 21. f4 a4 22. bxa4 Ra8 23. Bb5 Nf6 24. Rb1 Qd8 25. e5 dxe5 26. Qxe5 Kg8 27. Nf3 Ng4 28. Qd4 Ne4 29. Rb2 Ngf2+ 30. Rxf2 Nxf2+ 31. Qxf2 Qd6 32. Qd2 Rfd8 33. Qd3 Qxf4 34. Rf1 Rac8 35. Nd2 Qe5 36. Bc4 e6 37. Qf3 Rc7 38. dxe6 fxe6 39. Qa3 Qd4 40. Bxe6+ Kg7 41. Nf3 Qf6 42. Bb3 Re8 43. Qb4 Rd8 1/2-1/2

[Event "BEL-ch U14"]
[Site "Blankenberge"]
[Date "2015.04.14"]
[Round "4"]
[White "Gronsfeld, Stefan"]
[Black "Beukema, Jasper"]
[Result "0-1"]
[WhiteElo "1518"]
[BlackElo "1933"]
[PlyCount "44"]
[EventDate "2015.04.12"]
[EventType "swiss"]
[EventRounds "9"]
[EventCountry "BEL"]
[SourceTitle "CBM 166 Extra"]
[Source "ChessBase"]
[SourceDate "2015.06.18"]
[SourceVersion "1"]
[SourceVersionDate "2015.06.18"]
[SourceQuality "1"]

1. e4 d6 2. d4 c6 3. f4 e5 4. dxe5 dxe5 5. Bd3 Bd6 6. f5 Nd7 7. Be3 Nc5 8. Nf3 Nf6 9. Nc3 g6 10. fxg6 hxg6 11. h3 Nh5 12. Ne2 Qe7 13. Qd2 Be6 14. 0-0-0 0-0-0 15. Qa5 b6 16. Qc3 Bxa2 17. Bxc5 Bxc5 18. Ba6+ Kc7 19. Nxe5 Qg5+ 20. Rd2 Rxd2 21. Nf3 Qxg2 22. Qxh8 Rd8 0-1